The American Direct Primary: Party Institutionalization and Transformation in the North (Record no. 615921)

MARC details
000 -LEADER
fixed length control field 01089nam a2200181 a 4500
008 - FIXED-LENGTH DATA ELEMENTS--GENERAL INFORMATION
fixed length control field 260227s2026##################000#0#eng##
020 ## - INTERNATIONAL STANDARD BOOK NUMBER
ISBN 9780521814928
Paper back/Hardbound hbk
041 ## - LANGUAGE CODE
Language code of text/sound track or separate title eng
082 04 - DEWEY DECIMAL CLASSIFICATION NUMBER
Classification number 324.2730154
Item number WAR
100 ## - MAIN ENTRY--AUTHOR NAME
Personal name Ware , Alan
245 10 - TITLE STATEMENT
Title The American Direct Primary: Party Institutionalization and Transformation in the North
Statement of responsibility, etc / Alan Ware
260 ## - PUBLICATION, DISTRIBUTION, ETC. (IMPRINT)
Name of publisher Cambridge Univ Pr
Year of publication 2002
300 ## - PHYSICAL DESCRIPTION
Number of Pages 258p,;
Dimensions 22 cm.
504 ## - BIBLIOGRAPHY, ETC. NOTE
Bibliography, etc Includes index
520 ## - SUMMARY, ETC.
Summary, etc This is the first major study of the origins of direct primary elections in the U.S. since the 1920s. It rejects the widely held view that primaries resulted from a conflict between anti-party reformers and so-called party "regulars." Instead, it shows that the direct primary was the result of an attempt, starting in the late 1880s, by mainstream party politicians to subject their previously informal procedures to formal rules. Politicians turned to the direct primary because it proved impossible to make effective changes to the caucus-convention system of nominating candidates.
942 ## - ADDED ENTRY ELEMENTS (KOHA)
Koha item type Reference
Holdings
Withdrawn status Lost status Damaged status Not for loan Home library Current library Shelving location Date acquired Full call number Accession Number Price effective from Koha item type
        Anna Centenary Library Anna Centenary Library 3RD FLOOR, B WING 27.02.2026 324.2730154 WAR 194846 27.02.2026 Reference

Find us on the map